Rozpoznaj flagę po opisie - Statystyki

Ogólne statystyki
  • Ten quiz został rozwiązany 6 razy
  • Średni wynik to 10 z 20
Statystyki odpowiedzi
opis państwo % Poprawnych
Jest to prostokąt o proporcjach 2:3, podzielony na trzy pionowe pasy, o równej szerokości, w kolorach: granatowym, złotym i granatowym. Na środku umieszczony jest czarny trójząb. Barbados
100%
Jest to prostokąt o proporcjach 1:2, przedzielony na trzy równe, poziome pasy w kolorach niebieskim, białym i niebieskim. Na środku umieszczone zostało pięć niebieskich gwiazd tworzących literę X. Honduras
100%
Jest to prostokąt o proporcjach 1:2, podzielony na czternaście równych, poziomych pasów, naprzemiennie czerwonych i białych. W kantonie znajduje się półksiężyc i żółta gwiazda na niebieskim tle. Malezja
100%
Jest to zielony prostokąt o proporcjach 1:2. Blisko drzewca znajduje się czerwony pas, a na nim cztery wzory dywanu oraz złota gałązka oliwna. Obok niego znajduje się biały półksiężyc oraz pięć białych gwiazd. Turkmenistan
100%
Flaga ma proporcje 1:2, jest to czerwony prostokąt otoczony złotą ramką. Na środku znajduje się godło tego kraju. Czarnogóra
80%
Składa się z trzech nierównej szerokości poziomych pasów: niebieskiego, czerwonego i niebieskiego. Na środku został umieszczony biały wizerunek głównej świątyni kompleksu Angkor Wat. Kambodża
80%
Jest to prostokąt o proporcjach 5:8, na niebieskim tle umieszczone jest żółte koło, zbiegające lekko ze środka w stronę drzewca (w lewo). Palau
80%
Jest to prostokąt o proporcjach 2:3, podzielony na trzy poziome pasy, niebieski, biały i zielony, w stosunku 3:4:3. Na środku umieszczony został czarny symbol, zdefiniowany jako sylwetka tradycyjnego słomianego kapelusza. Lesotho
60%
Jest to prostokąt o proporcjach 1:2; z lewego dolnego rogu w stronę lewego górnego wychodzi pięć kolorowych pasów: niebieski, żółty, czerwony, biały i zielony Seszele
60%
Flaga zawiera biały krzyż św. Andrzeja, oddzielający pola zielone od czerwonych. Na środku znajduje się białe koło, a wewnątrz niego trzy czerwone gwiazdy. Burundi
40%
Jest to prostokąt przedzielony na dwa równe, poziome pasy w kolorach niebieskim i zielonym. Przy drzewcu znajduje się biały trójkąt, a wewnątrz niego czerwona pięcioramienna gwiazda. Proporcje flagi nie są określone. Dżibuti
40%
Jest to prostokąt o proporcjach 2:3, podzielony na trzy równe, poziome pasy: pomarańczowy, biały i zielony. Na środku znajduje się symbol koła z 24 szprychami. Indie
40%
Jest to prostokąt o proporcjach 1:2, podzielony na trzy pasy: czerwony, biały i zielony. Na środku znajduje się złota (żółta) korona, a nad nią siedem pięcioramiennych gwiazd tego samego koloru. Tadżykistan
40%
Jest to prostokąt o proporcjach 2:3, podzielony na trzy poziome pasy: zielony, biały i czerwony. Przy drzewcu znajduje się niebieski, równoramienny trójkąt. Na środku flagi znajduje się herb państwowy. Gwinea Równikowa
20%
Jest to prostokąt o proporcjach 1:2, złożony z pięciu naprzemiennie ułożonych białych i niebieskich równych, poziomych pasów oraz czerwonego trójkąta położonego przy drzewcu; na środku trójkąta znajduje się biała pięcioramienna gwiazda. Kuba
20%
Jest to niebieski prostokąt o proporcjach 10:19, podzielony na dwie części ukośnym, pomarańczowo-białym pasem. W lewym górnym rogu znajduje się biała gwiazda. Wyspy Marshalla
20%
Składa się z trzech równych, poziomych pasów: zielonego, białego i czerwonego; na krawędziach pasów są umieszczone napisy (pol. Bóg jest wielki). Na środku flagi położone jest czerwone godło. Iran
0%
Jest to prostokąt o proporcjach 1:2, podzielony na trzy pionowe pasy: czerwony, niebieski i czerwony. Na pasie przy drzewcu został umieszczony tradycyjny symbol soyombo w kolorze żółtym. Mongolia
0%
Jest to prostokąt o proporcjach 2:3, złożony z Y-kształtnej figury o kolorze zielonym, z białym i złotym (żółtym) konturem, rozdzielającej strefy czerwonego i niebieskiego oraz czarny trójkąt przy drzewcu (po lewej). RPA
0%
Jest to prostokąt o proporcjach 1:2, podzielony na siedem równych, poziomych pasów: zielony, żółty, czerwony, czarny, czerwony, żółty, zielony. Przy drzewcu (po lewej) znajduje się biały trójkąt, a wewnątrz niego Ptak na czerwonej gwieździe Zimbabwe
0%
Nie znaleziono quizów pasujących do podanych kryteriów
Rozkład punktacji
Procent ludzi z każdym wynikiem
Percentyl według liczby udzielonych odpowiedzi
Twoja historia wyników
Nie rozwiązałeś tego quizu